000 00548nam a2200181Ia 4500
003 GCL
008 140319s9999 xx 000 0 ara d
040 _aGCL /
_cGCL
082 0 4 _a219.3
_bم ا
100 1 _aمحمد عبده
245 1 0 _aالاسلام بين العلم والمدنية /
_cمحمد عبده
300 _a93
490 _aالتنوير
_v0
650 0 4 _aالاسلام
650 0 4 _aالاسلام والاصلاح السياسى
650 0 4 _aحركات الاحياء والاصلاح والتجدي
942 _2ddc
_cBK
999 _c40314
_d40314